Mexican cities over 1m population - Statistics

General Stats
  • This quiz has been taken 39 times
  • The average score is 6 of 9
Answer Stats
Answer city % Correct
1 Mexico city
100%
2 guadalajara
94%
5 monterrey
94%
3 tijuana
83%
4 ciudad juarez
69%
8 puebla
69%
7 ecatepec de morelos
31%
9 zapopan
23%
6 ciudad nezahualcoyotl
6%
No matching quizzes found
Score Distribution
Percent of People with Each Score
Percentile by Number Answered
Your Score History
You have not taken this quiz